000 00856nam a2200253Ia 4500
003 OSt
005 20220927110351.0
006 a|||||r|||| 00| 0
007 ta
008 220926b |||||||| |||| 00| 0 eng d
024 _a65395
037 _cReports
040 _aRTL
_cRTL
_beng
041 _2eng
_aeng
082 _a"X425:446.4.N6t, K8/UN"
111 _a"United Nations ,Economic Commission For Asia And The Far East"
_9356357
245 0 _aReport of the ECAFE working party on shipping and ocean frieght rates and related papers
260 _aNew
_bYork United Nations USA
_c1968
300 _a"iv, 111p."
_ccm.
490 _a"United Nations, Regional Economic Cooperation Series, 5."
650 _aOcean Transport Economics
942 _h"X425:446.4.N6t, K8/UN"
_cCC
999 _c695868
_d695868